000 00363nam a22001097a 4500
082 _a900
100 _aराजपुरोहित, डा.भगवतीलाल
_983606
245 _aसंस्‍कृति संवाद
260 _aजयपुर
_bसंकल्‍प प्रकाशन
_c2025
650 _aइतिहास
942 _cBK
999 _c68549
_d68549